000 00551nam a2200181 i 4500
001 105887
003 ES-MaACL
005 20230906184012.0
007 t|
008 060907s1972 fr |||| | fre d
080 _a336.744
100 1 _aMalterre, Jacques.
_975866
245 1 0 _aCrise des monnaies
_b: le dollar en procès /
_cJacques Malterre.
260 _aParis :
_bLes Editions du Cerf,
_c1972.
300 _a86 p. ;
_c18 cm.
650 1 4 _aSistema monetario internacional.
_917132
852 _aES-MaACL
_jAND-867
_z. - Biblioteca Juan Andrade
999 _c105887
_d105887